[Event "FIDE-Wch k.o."]
[Site "Tripoli"]
[Date "2004.06.20"]
[Round "1.2"]
[White "Ghaem Maghami, Ehsan"]
[Black "Vaganian, Rafael A"]
[Result "1-0"]
[WhiteElo "2558"]
[BlackElo "2639"]
[Annotator "Finkel,A"]
[PlyCount "61"]
[EventDate "2004.06.19"]
[EventType "k.o."]
[EventRounds "7"]
[EventCountry "LBY"]
[SourceTitle "CBM 102"]
[Source "ChessBase"]
[SourceDate "2004.09.23"]
[SourceVersion "1"]
[SourceVersionDate "2004.09.23"]
[SourceQuality "1"]

1. e4 Nf6 2. e5 Nd5 3. d4 d6 4. Nf3 g6 5. Bc4 Nb6 6. Bb3 Bg7 7. O-O O-O 8. Qe2
$6 {Dubious continuation after which black easily solves an opeing problems.} (
8. h3 $142) 8... Bg4 9. c3 (9. e6 d5 10. exf7+ Rxf7 11. Nbd2 Bxd4 12. h3 Bxf3
13. Nxf3 Bf6 $15) 9... Nc6 10. e6 $6 {Playing with a fire. It wasn't too late
to take on d6 with balanced position.} (10. Bf4 Qd7 (10... Bxf3 11. Qxf3 dxe5
12. dxe5 Nxe5 13. Qxb7 Qc8 14. Qe4 Qf5 15. Qxf5 gxf5 $13 {Ernst,T-Westerinen,H/
Copenhagen 1985}) 11. Nbd2 Qf5 12. Bg3 Bh6 13. e6 Bxd2 14. exf7+ Kg7 15. Qxd2
$14 {Klovans,J-Alburt,L/Yerevan 1975/URS-ch}) (10. exd6 exd6 11. Bc2 Qf6 12.
Nbd2 Rfe8 13. Qd1 Bf5 14. Bxf5 Qxf5 15. Re1 a5 $11 {Liss,E-Yin Hao/Beijing 1996
}) 10... d5 $1 {After this logical move black siezes the initiative.} 11. exf7+
Rxf7 12. Nbd2 (12. Bg5 Qf8 $6 (12... Bxf3 13. gxf3 Qd7 $17) 13. Nbd2 e5 14. Qe3
Re8 15. Rae1 Re6 16. dxe5 Nxe5 17. Nxe5 Rxe5 18. Qxe5 Bxe5 19. Rxe5 $36 {
Lukin,A-Barkovsky,E/Leningrad 1981}) 12... e5 $17 13. h3 {Hoping to get some
compensation for a pawn.} (13. Qe3 exd4 14. cxd4 Qe7 15. h3 Bf5 $17) 13... Bxf3
14. Nxf3 exd4 15. Bg5 Qd7 ({Even more convincing looks} 15... Qe8 $5 16. Qd2
dxc3 17. bxc3 Ne5 18. Bxd5 $2 Nxd5 19. Qxd5 Nxf3+ 20. gxf3 Qe5 $19 {Kakuk,
S-Demeter,V/Hungary 1996}) 16. Rad1 Re8 17. Qd3 Ne5 18. Nxe5 Rxe5 19. Qd2 dxc3
20. bxc3 Qe6 $5 {Moving the queen away from the d-file in order to deprive
white a chnce to push c4.} 21. Be3 Nc4 $6 {Giving up a part of the advantage.
Black should try to trnasfer the knight to e4 or f5 via d6.} (21... c6 {
[%cal Gb6c8,Gc8d6,Gd6f5]}) 22. Bxc4 dxc4 23. Rfe1 {[%cal Ge3d4]} Re7 $6 {
Permitting white to win back a pawn.} (23... Bf6 $5 24. Bd4 Rxe1+ 25. Rxe1 Qd7
26. Rd1 Bxd4 27. Qxd4 Qxd4 28. Rxd4 b5 29. Rd5 c6 30. Rd8+ Rf8 31. Rd7 a5 32.
Rc7 b4 $17) 24. Qd8+ Kf7 25. Qb8 b6 26. Qxa7 {By restoring the material
balance white managed to erase major part of black's advantage.} Qc6 27. Qa3
Bh6 28. Qc1 Qe6 29. Qc2 Rd7 $4 (29... Bxe3 30. fxe3 Rxe3 31. Qf2+ Kg7 32. Rf1 (
32. Rxe3 Qxe3 33. Qxe3 Rxe3 34. Rd7+ Kh6 35. Rxc7 Rxc3 36. Rb7 Ra3 37. Rxb6
Rxa2 $17) 32... Rf7 33. Qh4 Rxf1+ 34. Rxf1 b5 $17) 30. Rxd7+ Qxd7 31. Rd1 1-0

[Event "United Insurance 5th"]
[Site "Dhaka"]
[Date "2001.02.19"]
[Round "1"]
[White "Volzhin, Alexander"]
[Black "Davies, Nigel Rodney"]
[Result "1-0"]
[WhiteElo "2539"]
[BlackElo "2464"]
[Annotator "Finkel,A"]
[PlyCount "63"]
[EventDate "2001.02.19"]
[EventType "tourn"]
[EventRounds "13"]
[EventCountry "BAN"]
[EventCategory "8"]
[SourceTitle "CBM 082"]
[Source "ChessBase"]
[SourceDate "2001.05.17"]
[SourceVersion "1"]
[SourceVersionDate "2001.05.17"]
[SourceQuality "1"]

1. e4 Nf6 2. e5 Nd5 3. d4 d6 4. Nf3 g6 5. Bc4 Nb6 6. Bb3 Nc6 7. exd6 cxd6 (7...
exd6 $5) 8. d5 Na5 $6 {After this move white stands clearly better that's why
black should prefer 8...Ne5, allthough even in this case white keeps better
chanses.} (8... Ne5 9. Nxe5 dxe5 10. c4 (10. Be3 Bg7 11. Qd2 O-O 12. Nc3 Bf5
13. Bh6 Rc8 14. Bxg7 Kxg7 15. Qe2 f6 16. g4 Bd7 17. h4 $36 {1-0 Kavalek,
L-Ernst,T/Subotica 1987/CBM 03 (37)}) (10. O-O Nd7 11. Nc3 Bg7 12. Be3 O-O 13.
Qf3 Nf6 14. h3 b6 15. Rad1 Bb7 16. Rfe1 $14 {1-0 Wilder,M-Boulard,E/FRA-chT
1989/TD (27)}) 10... Nd7 11. Nc3 Bg7 12. Be3 b6 13. Ba4 O-O 14. Bc6 Rb8 15. O-O
Nf6 16. f3 $14 {1/2-1/2 Maki,V-Westerinen,H/Gjovik 1985/MCD (16)}) 9. Qd4 f6 (
9... Nxb3 10. axb3 Rg8 $6 11. c4 Bg7 12. Qf4 Nd7 13. O-O Nf6 14. Nc3 a6 15. Re1
Kf8 16. Be3 $16 {1-0 Penrose,J-Cafferty,B/Brighton 1977/EXT 99 (32)}) 10. Bd2
Nxb3 11. axb3 Bg7 12. Ba5 $1 Bd7 (12... Bf5 13. c4 O-O 14. O-O Qc8 15. Re1 Re8
16. Nbd2 Nd7 17. Bc3 a6 18. Nh4 $16 {1-0 Ponomariov,R-Pesotsky,V/Kiev 1997/EXT
2000 (44)}) 13. Bxb6 axb6 14. Rxa8 Qxa8 15. Qxb6 Qa6 ({White keeps much better
chanses after} 15... Qa1 16. O-O Qxb2 17. Re1 {[%cal Ge1e8]} O-O 18. Qxb7 Bg4
19. Nbd2 Qxc2 20. Qxe7 $16) ({and} 15... f5 $5 16. c3 (16. O-O Bxb2 17. Re1 Qa6
18. Qe3 Bf6 $132) 16... Qa1 17. O-O Qxb2 18. Qxb7 h6 (18... Bxc3 19. Qb8+ Kf7
20. Qc7 $18 {[%cal Gc7d7,Gc7c3]}) 19. Qb8+ Kf7 20. Qc7 $16 {,but in both cases
black keeps the pressure and white's task isn't that simple as in the game.})
16. Qxa6 bxa6 17. Nc3 Kf7 18. Ke2 $16 {[%csl Ra6] Black bishops are restricted
with their own pawns and they are not such a powerful fforc as they could be
under different sircumstances.} Re8 (18... f5 19. Ra1 Bc8 20. Kd3 $16) 19. Nd4
$1 f5 20. Kd3 Rb8 21. Ra1 Bc8 $6 (21... Rb6 22. Ra5 $1 $16 {[%cal Gc3a4]}) 22.
Nc6 {[%csl Rb8]} Rb6 (22... Ra8 23. b4 e5 24. Nb5 e4+ 25. Ke2 $18 {[%cal Gb5c7,
Gb5d6]}) 23. Na4 $1 {Winning an exchange.} Rb5 24. c4 $1 $18 Rxb3+ 25. Kc2 Rb7
26. Nd8+ Ke8 27. Nxb7 Bxb7 28. Rd1 (28. Nc3 Bd4 29. f3 Kd7 30. Kd3 $18) 28...
e6 29. Re1 $1 e5 30. Rd1 Bf8 31. c5 dxc5 32. d6 $18 {[%cal Ga4c5,Gd6d7]} 1-0

[Event "RUS-chT 11th"]
[Site "Sochi"]
[Date "2004.04.20"]
[Round "1.4"]
[White "Smirnov, Pavel"]
[Black "Beletsky, Alexey"]
[Result "1-0"]
[WhiteElo "2601"]
[BlackElo "2393"]
[Annotator "Finkel,A"]
[PlyCount "45"]
[EventDate "2004.04.20"]
[EventType "team-tourn"]
[EventRounds "9"]
[EventCountry "RUS"]
[SourceTitle "EXT 2020"]
[Source "ChessBase"]
[SourceDate "2019.10.17"]
[SourceVersion "1"]
[SourceVersionDate "2019.10.17"]
[SourceQuality "1"]
[WhiteTeam "Tomsk 400"]
[BlackTeam "Tomsk Siberian Athens-Neftekhim"]
[WhiteTeamCountry "RUS"]
[BlackTeamCountry "RUS"]

1. e4 Nf6 2. e5 Nd5 3. d4 d6 4. Nf3 dxe5 5. Nxe5 Nd7 6. Bc4 {This move
promises white a small, but long lasting edge.} (6. Nxf7 $5 Kxf7 7. Qh5+ Ke6 {
with a wildly complicated position.}) 6... Nxe5 (6... e6 7. Qg4 h5 8. Qe2 Nxe5
9. dxe5 Bd7 10. O-O Bc6 11. Rd1 Qe7 12. Nc3 $6 Nxc3 13. bxc3 g6 $15 {Tal,
M-Larsen,B/Bled 1965}) (6... c6 7. O-O g6 8. Nc3 N7f6 9. Nxd5 Nxd5 10. c3 Bg7
11. Bb3 O-O 12. Qe2 a5 13. a3 Be6 14. Bc2 Qc8 15. Re1 Bf5 $11 {Sanduleac,
V-Miroshnichenko,E/Bucharest 1998}) 7. dxe5 e6 {There is no problem in
"closing" the bishop since it will be developed to c6.} (7... Be6 8. O-O (8.
Qe2 Qd7 9. O-O O-O-O 10. Nc3 $6 Nxc3 11. bxc3 Bxc4 12. Qxc4 e6 $11 {Jonkman,
H-Smeets,J/Dieren 2003}) 8... g6 9. Nd2 Bg7 10. Nf3 O-O (10... c6 11. Qd4 Qc7
12. Re1 Rd8 13. Bb3 Qb6 14. Qh4 h6 15. Nd4 $14 {Benjamin,J-Kaidanov,G/
Philadelphia 1992}) 11. Qe2 c6 12. h3 b5 13. Bb3 a5 14. a4 Qb6 15. Rd1 Rad8 16.
Bd2 $14 {Adams,M-Motwani,P/Blackpool 1990}) (7... c6 8. Qf3 Be6 9. O-O Qc7 10.
Re1 g6 11. Nc3 Rd8 12. Nxd5 Bxd5 13. e6 $1 $16 {Van der Wiel,J-Pliester,L/
Hilversum 1990}) 8. O-O Nb6 (8... a6 9. Bb3 Ne7 10. Qe2 Bd7 11. Rd1 Qc8 12. Nd2
Nc6 13. c3 Be7 14. f4 Bc5+ 15. Kh1 Ne7 16. Ne4 $16 {Sulashvili,M-Bakhtadze,L/
Tbilisi 2002}) (8... Be7 $2 9. Qg4 $1 g6 10. Bh6 c6 $2 11. Nd2 Qc7 12. Rfe1 Bd7
13. Qf3 Nb4 14. Bb3 c5 15. Ne4 $1 $40 {Arakhamia Grant,K-Liardet,F/Geneve 1990}
) 9. Bd3 {White should keep the queen on the board since the endgame, arising
after 9.Q:d8 is nearly equal.} (9. Qxd8+ Kxd8 10. Rd1+ Ke8 11. Bd3 Bd7 12. Nc3
Bc6 13. Nb5 $14) 9... Bd7 10. Nc3 Bc6 11. Qe2 Nd5 (11... Qh4 $5 12. Bb5 Bxb5
13. Nxb5 O-O-O 14. Nxa7+ Kb8 15. Nb5 Qc4 16. Qxc4 Nxc4 17. f4 Bc5+ 18. Kh1 Nd2
$44) 12. Ne4 Nb4 13. Bc4 Qd4 $6 {The queen has nothing to do on d4. Much
better was} (13... Qh4 14. Bb5 Be7 15. a3 O-O 16. Bxc6 Nxc6 17. f4 Rad8 $11)
14. Ng5 $1 $36 {[%csl Rf7]} Bd5 $2 {If the previous move of black was
inaccuracy, this one is serious mistake, after which nothing can save black.}
15. Bxd5 Qxd5 (15... Nxd5 $2 16. Qf3 $18) 16. Rd1 Qc6 17. c3 $16 h6 (17... Na6
18. Qh5 g6 19. Qh4 Bg7 20. Ne4 $16 {[%csl Rf6]}) 18. cxb4 (18. Nxf7 Kxf7 19.
cxb4 Bxb4 20. Be3 Rhd8 21. Qh5+ Kf8 22. Bxh6 $18 {[%csl Rb4]}) 18... hxg5 19.
Bxg5 Bxb4 20. Rac1 Qb6 21. Qd3 O-O 22. Bf6 $1 Bc5 (22... gxf6 23. Qg3+ Kh7 24.
Rc4 $18) 23. Rxc5 1-0

[Event "Kiev Trudova Ukraina"]
[Site "Kiev"]
[Date "2001.01.19"]
[Round "1"]
[White "Eschenko, Vadim"]
[Black "Sergeev, Vladimir"]
[Result "1/2-1/2"]
[WhiteElo "2443"]
[BlackElo "2485"]
[Annotator "Finkel,A"]
[PlyCount "121"]
[EventDate "2001.01.19"]
[EventType "tourn"]
[EventRounds "10"]
[EventCountry "UKR"]
[EventCategory "11"]
[SourceTitle "CBM 082"]
[Source "ChessBase"]
[SourceDate "2001.05.17"]
[SourceVersion "1"]
[SourceVersionDate "2001.05.17"]
[SourceQuality "1"]

1. e4 Nf6 2. e5 Nd5 3. d4 d6 4. Nf3 Nb6 5. Be2 g6 6. O-O Bg7 7. h3 O-O 8. Bf4 {
With this move white can hardly hope for any openin advantage.} (8. a4 dxe5 (
8... a5 9. exd6 cxd6 10. Nc3 Nc6 11. Nb5 Bf5 12. c3 d5 13. Re1 h6 14. Bf4 Rc8
15. Bf1 g5 16. Bh2 $14 {1-0 Kapengut,A-Konopka,M/Brno 1991/CBM 24 ext (62)}) 9.
Nxe5 a5 10. c3 N8d7 11. Nf3 e5 12. dxe5 Nxe5 13. Qxd8 Rxd8 14. Bf4 Re8 $11 {
0-1 Iordachescu,V-Cosma,I/Bucharest 1993/CBM 35 ext (29)}) (8. c4 Nc6 9. exd6
cxd6 10. d5 Na5 11. Na3 Qc7 12. Bd2 Naxc4 $2 13. Nxc4 Nxc4 14. Rc1 $18 {
1-0 Wahls,M-Jelling,E/Soro 1982/EXT 2000 (34)}) 8... Nc6 9. c3 ({Nothing
promises} 9. exd6 exd6 (9... cxd6 10. Nc3 Bf5 11. Re1 Nb4 12. Rc1 N4d5 13. Nxd5
Nxd5 14. Bg5 Nf6 15. c4 $14) 10. Re1 Re8 11. c3 Be6 12. Nbd2 h6 $11) 9... dxe5
10. Nxe5 Nxe5 11. Bxe5 Bxe5 12. dxe5 Bf5 (12... Qxd1 13. Rxd1 Be6 14. Nd2 Rfd8
$11) 13. Nd2 Qd5 $6 {After this move white gets slightly better chanses.} 14.
Nf3 (14. Bf3 Qxe5 15. Re1 Qf6 16. Bxb7 Rad8 17. Qe2 Rd7 18. Nb3 $14) 14... Be4
15. Qc1 Rfd8 16. Qf4 $14 Bxf3 (16... Bd3 $6 17. Bxd3 Qxd3 18. e6 $1 fxe6 19.
Qxc7 Rd7 20. Qe5 $14) 17. Bxf3 Qd2 18. Qb4 $1 e6 (18... c6 19. Qxe7 Qxb2 20. e6
$1 fxe6 21. Qxe6+ Kg7 (21... Kh8 22. Qf6+ Kg8 23. Bg4 $18 {[%cal Gg4e6]}) 22.
Qe7+ $16) 19. Rad1 Qc2 20. Rxd8+ $6 (20. Rc1 Qa4 21. Bxb7 Rab8 22. Bf3 Qxa2 23.
Ra1 Qc4 24. Rxa7 Qxb4 25. cxb4 Nd5 $14) 20... Rxd8 21. Bxb7 Rd2 22. Qe7 Nc4 $6
({Better was} 22... Qxb2 23. Qxc7 Qxa2 24. Bf3 Kg7 25. Qe7 Qa5 26. Qf6+ Kg8 $15
{and black stands better}) 23. Qxc7 Nxb2 24. Bf3 Kg7 (24... Nd3 25. Qd8+ Kg7
26. Qf6+ Kg8 27. Be4 $11) 25. Bg4 Nd3 26. Qxa7 (26. Bxe6 $6 Rxf2 27. Rxf2 Qxf2+
28. Kh1 Qf1+ $11) 26... Qxa2 27. Qe3 $6 {Too optimistic.Better was to exchange
the queens with the draw.} (27. Qxa2 Rxa2 28. f4 Rc2 $11) 27... Qc2 (27... Qb2
28. Qd4 h5 29. Bf3 Ne1 $11) 28. c4 Qb2 29. c5 Nxe5 30. Rd1 Rc2 (30... Nxg4 $4
31. Qxd2 $18) 31. Re1 Nxg4 $2 {Etremly strange decision:after this move black
wins a pawn,but doesn't have any winning chanses,while after correct} (31...
Nd7 $1 $17 {white still has to work very hard to save a game.}) 32. hxg4 Qc3
33. Qxc3+ Rxc3 34. Re5 h6 35. f3 g5 36. Kf2 Kf6 37. Re4 Rxc5 38. Ra4 Rc2+ 39.
Kg3 Rb2 40. Ra8 Kg7 41. Ra7 Kg6 42. Ra6 Re2 43. Rb6 h5 44. gxh5+ Kxh5 45. Rb7
Kg6 46. Ra7 f6 47. Ra5 f5 48. Ra8 Kf6 49. Ra5 f4+ 50. Kh3 Re1 51. g3 Rg1 (51...
Rf1 52. Kg2 Rb1 53. gxf4 $11) 52. gxf4 gxf4 53. Ra3 e5 54. Kh2 Rg3 55. Ra6+ Kg5
56. Ra5 $1 Kf5 57. Ra3 Ke6 58. Rd3 Rg8 59. Kh1 Rg5 60. Kh2 e4 61. fxe4 1/2-1/2

[Event "EU-Cup 13th Group3"]
[Site "Slough"]
[Date "1997.09.24"]
[Round "3"]
[White "Van der Wiel, John"]
[Black "Gausel, Einar"]
[Result "1/2-1/2"]
[WhiteElo "2525"]
[BlackElo "2540"]
[Annotator "Finkel,A"]
[PlyCount "47"]
[EventDate "1997.09.22"]
[EventType "team-k.o."]
[EventRounds "3"]
[EventCountry "ENG"]
[SourceTitle "EXT 2020"]
[Source "ChessBase"]
[SourceDate "2019.10.17"]
[SourceVersion "1"]
[SourceVersionDate "2019.10.17"]
[SourceQuality "1"]
[WhiteTeam "Breda Panfox"]
[BlackTeam "Oslo Schakselkap"]
[WhiteTeamCountry "NED"]
[BlackTeamCountry "NOR"]

1. e4 Nf6 2. e5 Nd5 3. d4 d6 4. Nf3 dxe5 5. Nxe5 g6 6. Bc4 (6. Be2 Bg7 7. c4
Nb6 8. f4 c5 $132) 6... c6 (6... Be6 $5 7. Nc3 Bg7 8. Ne4 Bxe5 9. dxe5 Nc6 10.
Nc5 Ne3 $10) 7. O-O Bg7 8. Re1 (8. Bb3 Nd7 9. f4 O-O 10. c4 N5f6 11. Nc3 c5
$132) 8... O-O 9. Bb3 Nd7 (9... Be6 10. Nd2 Nd7 11. Nef3 Nc7 12. Ne4 Bxb3 13.
axb3 Ne6 14. c3 Re8 15. h4 Nf6 16. Neg5 Nxg5 17. hxg5 $14 {Adams,M-Tu Hoang
Thong/Yerevan olm 1996 (60)}) 10. Nf3 N7f6 (10... Re8 11. Bg5 N7f6 12. Nbd2 h6
13. Bh4 Bg4 14. h3 Bxf3 15. Nxf3 $14 {Yudasin,L-Rasmussen/Calgary op 1996 (35)}
) 11. Bg5 $6 {Giving to black a possibility to get rid of "bad" lightsquared
bishop and to equalize the position.Better try is 11.h3 or 11.c4!?.For example:
} (11. h3 $5 b5 $5 (11... e6 12. c4 Ne7 13. Nc3 b6 14. Bf4 Bb7 15. Qe2 Ba6 16.
Rad1 $2 (16. Be5 Ned5 17. Qd2 Nxc3 18. Qxc3) (16. Qe3 b5 $132) (16. Qc2 $5 $14)
16... Ned5 17. Be5 Nxc3 18. bxc3 Qe7 $132 {Short,N-Vaganian,R/Riga Tal 1995 
(46)}) 12. Bg5 (12. c3 Qc7 13. a4 a6 14. Bg5 Bb7 15. Bh4 $14 {Bellin,
R-Janssens,W/Huy op 1993 (27)}) 12... Be6 13. Nbd2 Nc7 14. c3 Bd5 15. Ne5 Ne6
16. Bh4 c5 $10 {1/2-1/2 Lau,R-Bjerring,K/Munich op9293 1993 (36)}) (11. c4 Nb6
$5 (11... Nc7 12. h3 $5 (12. Nc3 Bg4) 12... c5 (12... b5 $5) 13. Nc3 cxd4 14.
Nxd4 Ne6 (14... Qd6 15. Be3 Rd8 16. Ndb5 Nxb5 17. Nxb5 $16) 15. Be3 Nxd4 16.
Qxd4 $1 Be6 17. Qh4 Qa5 18. c5 $1 $14 {Kasparov,G-Adams,M/Ciudad de Linares
XIV 1997 (32)}) 12. h3 Nbd7 13. Nc3 e6 14. Bf4 b6 15. Qd2 Bb7 16. Rad1 $14 {
Matulovic Milan-Todorovic Goran N/Ch Yugoslavia (team), Tivat (Yugoslavia 1995
(23)}) 11... a5 12. c3 Bg4 $1 {Typical move in this kind of positions.Changing
the bishop black gets comfortable play.} 13. Nbd2 h6 14. Bxf6 ({Deserved
attention} 14. Bh4 $5 b5 15. h3 Bxf3 16. Qxf3 a4 17. Bc2 {keeping symbolical
advantage.}) 14... Bxf6 15. a4 e6 16. h3 Bxf3 17. Qxf3 Bg7 $10 18. Ne4 (18. Nc4
$6 Qc7 19. Ne5 Rad8 20. Rad1 c5 21. Qg3 Qb6 $15) 18... Qc7 19. g3 Rad8 20. h4
Qb6 21. Bc4 h5 {Both sides have very solid positions with no real chance to
fight for the advantage so the draw is not far away.} (21... e5 $6 22. dxe5
Bxe5 23. h5 Bg7 $5 (23... f5 $6 24. Ng5 $1 Rfe8 25. Nh3 Qxb2 26. hxg6 $36) 24.
Rab1 f5 25. Nd2 gxh5 26. Qxh5 $14) 22. Re2 Rd7 23. Rae1 Qd8 24. Bb3 1/2-1/2

[Event "GER-ch 71st"]
[Site "Altenkirchen"]
[Date "1999.11.19"]
[Round "8"]
[White "Kindermann, Stefan"]
[Black "Jugelt, Tobias"]
[Result "1-0"]
[WhiteElo "2527"]
[BlackElo "2401"]
[Annotator "Finkel,A"]
[PlyCount "89"]
[EventDate "1999.11.12"]
[EventType "swiss"]
[EventRounds "9"]
[EventCountry "GER"]
[SourceTitle "CBM 074"]
[Source "ChessBase"]
[SourceDate "2000.02.01"]
[SourceVersion "1"]
[SourceVersionDate "2000.02.01"]
[SourceQuality "1"]

1. e4 Nf6 2. e5 Nd5 3. d4 d6 4. Nf3 c6 5. c4 Nc7 6. Nc3 Bg4 7. h3 $5 (7. exd6
exd6 8. Be2 (8. h3 Bh5 9. g4 (9. Be3 Be7 10. Be2 Nd7 11. g4 Bg6 12. h4 h5 13.
g5 a6 14. d5 $14 {Liss,E-Zilberman,Y/1st Israeli Supertournament 1999}) 9...
Bg6 10. Qb3 b6 11. Be3 Be7 12. Bg2 O-O 13. h4 h5 14. gxh5 Bxh5 15. Ng5 $36 {
McShane,L-Baburin,A/Iona Tech Masters 1998}) 8... Be7 9. O-O O-O 10. h3 Bh5 11.
Be3 Nd7 12. Qd2 Re8 13. b4 $2 Nb6 14. g4 Bg6 15. a4 d5 16. c5 Nc4 $15 {Nunez
Vallina,J-Miles,A/Oviedo rapid 1993}) 7... Bxf3 8. Qxf3 d5 9. Be3 e6 10. Be2 (
10. Qg3 dxc4 (10... g6 11. h4 $5 $36) 11. Bxc4 Nd5 12. O-O Nd7 13. Ne4 $14)
10... Be7 11. Qg4 O-O 12. O-O Nd7 13. Bh6 Ne8 14. cxd5 cxd5 15. Bd3 (15. f4 $2
Qb6 {[%cal Gb6d4,Gb6b2]} 16. f5 Nxe5 $17) 15... a6 16. Be3 Nc7 17. Rac1 $14 {
White has a pair of bishops and significient advantage in space so his chanses
in forthcoming struggle are much higher.} (17. f4 $5 f5 18. Qf3 (18. exf6 Nxf6
19. Qg3 Bd6 20. Rac1 Rc8 21. Qf3 $14) 18... Kh8 19. g4 g6 20. Kh1 Rc8 21. Rg1
$14 {[%cal Gg1g2,Ga1g1,Gg4f5,Gc3e2,Ge2g3,Gg3h5]}) 17... f5 18. exf6 Nxf6 19.
Qe2 {[%csl Re6]} Bd6 20. Na4 Qe8 {[%cal Gf6h5,Gh5f4] Trying to create the
counterplay on the kingside.} (20... b5 $6 21. Nc5 Qe7 22. Nb7 Rfc8 23. Nxd6
Qxd6 24. Bd2 $16) 21. Nc5 Rb8 22. Bg5 h6 23. Bd2 Nh5 24. g3 $1 $16 {Covering
square f4 and leaving the knight out of the game.} Rf6 25. Bb1 Qf7 {[%csl Rg3]
[%cal Gd6g3]} 26. Kg2 $1 (26. Be3 Bxg3 27. Qd3 $1 (27. fxg3 Nxg3 28. Qd3 Rxf1+
29. Rxf1 Qxf1+ 30. Qxf1 Nxf1 31. Kxf1 $13) 27... Bd6 28. Qh7+ Kf8 29. Qh8+ Qg8
30. Qxg8+ Kxg8 31. Nd7 Re8 32. Nxf6+ $14) 26... Nb5 27. Be3 g5 28. a4 Nf4+ $2 {
Desparation,but also after normal} (28... Nc7 29. Qg4 $5 (29. Nd3 Nf4+ 30. gxf4
gxf4 31. Ne5 $1 Bxe5 (31... Qg7+ 32. Kh1 fxe3 33. Rg1 $18) 32. Qg4+ Kh8 33.
dxe5 Rg8 34. exf6 Rxg4+ 35. hxg4 fxe3 36. fxe3 $16) 29... Kh8 30. Nd3 Rg8 31.
Ne5 Qe8 32. Kh1 $16 {black faces very serious problems.}) 29. Bxf4 gxf4 30.
Qg4+ Kh8 31. axb5 $18 Rg8 32. Qh4 Rg5 (32... fxg3 $2 33. f4 $1) 33. Nd3 (33. g4
$5 {[%cal Gf2f3]} f3+ 34. Kh1 Qg7 35. Nd3 $18) 33... f3+ 34. Kh2 Rh5 35. Qg4
Rg5 36. Rc8+ Kg7 37. Qh4 Rh5 38. Qg4+ Rg5 39. Ne5 $1 {The last touch!} Bxe5 40.
dxe5 Rxg4 41. exf6+ Qxf6 42. Rc7+ Kf8 43. hxg4 Qxb2 44. bxa6 bxa6 45. Bg6 1-0

[Event "Nordic-ch"]
[Site "Aarhus"]
[Date "2003.09.16"]
[Round "10"]
[White "Stefansson, Hannes"]
[Black "Gausel, Einar"]
[Result "1-0"]
[WhiteElo "2560"]
[BlackElo "2533"]
[Annotator "Finkel,A"]
[PlyCount "63"]
[EventDate "2003.09.06"]
[EventType "tourn"]
[EventRounds "11"]
[EventCountry "DEN"]
[EventCategory "10"]
[SourceTitle "CBM 098"]
[Source "ChessBase"]
[SourceDate "2004.02.03"]
[SourceVersion "1"]
[SourceVersionDate "2004.02.03"]
[SourceQuality "1"]

1. e4 Nf6 2. e5 Nd5 3. d4 d6 4. Nf3 dxe5 5. Nxe5 c6 6. Bd3 Nd7 7. Nxd7 {
This line is considered to be as quite harmless or black, but after a couple
of inccuracies in the midlegame black wa swept off the board in very nice
fashion.} (7. Nf3 e6 (7... N7f6 8. a3 (8. h3 Nb4 9. Bc4 Bf5 10. Ne5 e6 11. Na3
Bd6 12. O-O h6 13. c3 Nbd5 $132 {Del Rio Angelis,S-Conquest,S/Istanbul 2003})
8... Bg4 9. O-O e6 10. h3 Bh5 11. c4 Nb6 12. Be3 Nbd7 13. Nbd2 Bd6 14. Qc2 O-O
$11 {Moreno Carnero,J-Lezcano Jaen,P/Lanzarote 2003}) (7... b5 $6 8. O-O e6 9.
Re1 Be7 10. c3 O-O 11. Qc2 N7f6 12. a3 Qc7 13. Bg5 a5 14. Nbd2 a4 15. Bh4 h6
16. Bg3 Qb7 17. Rad1 $14 {Timoshenko,G-Szieberth,A/Budapest 2003}) 8. O-O Be7
9. Re1 O-O 10. c4 N5f6 11. Nc3 b6 12. Bf4 Bb7 13. Qe2 Re8 14. Rad1 $14 {
Kovalev,A-Konopka,M/Czechia 2002}) 7... Bxd7 8. O-O g6 9. Re1 Bg7 10. c3 O-O
11. Bg5 Re8 (11... Qb6 12. Qc1 (12. Qd2) 12... c5 13. Be4 Be6 14. Bxd5 Bxd5 15.
Bxe7 Rfe8 16. dxc5 Qc6 17. f3 b6 $44 {Upleger,M-Loeffler,S/Germany 2002}) 12.
Nd2 Qc8 13. Nc4 (13. Ne4 $6 Bf5 14. Qf3 Qc7 15. Bc4 Bxe4 16. Rxe4 e6 17. a4 a6
18. a5 c5 $13 {Macieja,B-Kuczynski,R/Warsaw 2001}) 13... Bf5 (13... Be6) 14.
Be2 Qc7 15. Bf3 Rad8 16. Qb3 Be6 $6 {I don't think that after a typical
exchange sacrifice on e6 black's matters are that bad, but it'd much easier
for white to play on, so in practice his chances are much higher.} (16... c5
17. Qb5 Be6 18. Qxc5 Qxc5 19. dxc5 h6 (19... Nxc3 $2 20. Rxe6 $1 $18) 20. Bh4
Nf4 21. Na5 Rd2 $14) 17. Rxe6 $1 $44 fxe6 18. Re1 b5 $2 {After this mistake
black's position deteriorates very fast.} (18... Bf6 $1 19. Bc1 c5 20. dxc5
Qxc5 21. Rxe6 Kg7 22. Ne5 Nc7 $5 (22... b6) 23. Rxf6 Qxe5 (23... Kxf6 24. Qf7+
Kxe5 25. Bf4#) 24. Rf7+ Kh8 25. Be3 Qe6 $13) 19. Ne5 Rf8 (19... Bxe5 20. Rxe5
Qd6 21. Bg4 Nc7 22. Bf4 $16) 20. Bg4 $16 Rd6 (20... Qd6 21. Nd3 $36 {[%csl Re6]
[%cal Gd3c5]}) 21. Nd3 h6 22. Bh4 Kh7 23. Bg3 $18 e5 24. dxe5 Rdd8 25. Nc5 Qb6
26. Ne6 h5 27. Bxh5 $1 gxh5 28. Qc2+ Kh6 (28... Kg8 29. Qg6 Rf7 30. Ng5 $18 {
[%csl Rf7,Rg8]}) 29. Bh4 Bf6 30. exf6 exf6 31. Qf5 Rg8 32. Re5 $1 1-0